000 00694nam a2200289Ia 4500
005 20260324121104.0
008 008 260324s9999 xx 000 0 eng d
020 _a9781315591797
037 _aEBOOK
040 _aCRL
040 _beng
040 _cCRL
041 _2eng
041 _aeng
084 _qCRL
100 _aVasia Agapitou; Dimitris Bourantas
_91161149
245 0 _aLeadership Meta-Competencies
245 0 _bDiscovering Hidden Virtues
260 _bTaylor and Francis
260 _c2014
365 _a
365 _b230
856 _uhttp://www.taylorfrancis.com/books/9781315591797
942 _cEBOOK
999 _c1753022
_d1753022